000 00457nam a2200157 i 4500
001 85369
003 ES-MaACL
005 20230906175229.0
007 t|
008 041126s1969 sp ||||1| spa d
245 0 0 _aJoyas musicales adaptadas para acordeón-piano /
_cversión, Giovanni d'Orsi.
260 _aMadrid :
_bMúsica Moderna,
_c[1969]
300 _a100 p. ;
_c32 cm.
700 1 _aD'Orsi, Giovanni.
_942384
852 _aES-MaACL
_jC-36324
_bR.70613
999 _c85369
_d85369